[Event "47th POL-ch"]
[Site "Warsaw POL"]
[Date "1990.03.??"]
[Round "12"]
[White "Pyda, Zbigniew"]
[Black "Pedzich, Dominik"]
[Result "1/2-1/2"]
[WhiteElo "2315"]
[BlackElo "2405"]
[PlyCount "123"]
[EventDate "1990.03.11"]

1. d4 Nf6 2. c4 e6 3. Nf3 Bb4+ 4. Bd2 c5 5. Bxb4 cxb4 6. g3 b6 7. Bg2 Bb7 8.
O-O a5 9. Nbd2 O-O 10. Qc2 d6 11. e4 Nfd7 12. Rfe1 Na6 13. Rad1 Ra7 14. Nf1 Qe7
15. Ne3 Rd8 16. Re2 Ba8 17. Red2 Rc7 18. Qd3 Bb7 19. b3 Nf6 20. Ng5 h6 21. Nh3
Nb8 22. f4 Nfd7 23. Qe2 Nf8 24. f5 Nbd7 25. Nf4 Nf6 26. fxe6 fxe6 27. Ng4 Nxg4
28. Qxg4 Bc8 29. Qe2 Qg5 30. Qe3 Rf7 31. h4 Qe7 32. Rf2 g5 33. Nh5 Rxf2 34.
Qxf2 Nh7 35. Qe3 e5 36. Rf1 Bg4 37. Bf3 Bh3 38. Rf2 Rf8 39. g4 Qe6 40. d5 Qd7
41. Ng3 Bxg4 42. Bxg4 Qxg4 43. Rg2 Rf3 44. Qe2 Nf6 45. Nf5 Qxe4 46. Qxe4 Nxe4
47. Nxh6+ Kh7 48. hxg5 Kg6 49. Ng8 Rf7 50. Nh6 Rg7 51. Kf1 Nxg5 52. Ng4 Rh7 53.
Ke2 Rh4 54. Ne3 Rh3 55. c5 dxc5 56. Nc4 Kf5 57. d6 Nf7 58. d7 Rh8 59. Nxb6 Ke6
60. Rg6+ Ke7 61. Rc6 Rh6 62. Rxh6 1/2-1/2

[Event "47th POL-ch"]
[Site "Warsaw POL"]
[Date "1990.03.??"]
[Round "12"]
[White "Stempin, Pawel"]
[Black "Zolnierowicz, Krzysztof"]
[Result "1/2-1/2"]
[WhiteElo "2445"]
[BlackElo "2400"]
[PlyCount "132"]
[EventDate "1990.03.11"]

1. d4 e6 2. c4 c5 3. d5 exd5 4. cxd5 d6 5. Nc3 a6 6. a4 g6 7. Nf3 Bg7 8. g3 Nh6
9. Bg2 O-O 10. O-O Nd7 11. Bg5 f6 12. Bf4 Nf7 13. Rb1 f5 14. Qc1 h6 15. Bd2 g5
16. b4 cxb4 17. Rxb4 Nc5 18. Qa3 a5 19. Rbb1 g4 20. Ne1 Ne5 21. Qa2 Ng6 22. e3
Bd7 23. Nb5 Qe7 24. Nc2 Ne4 25. Ncd4 Ne5 26. Rfd1 Bxb5 27. Rxb5 Nd3 28. Ne6
Ndxf2 29. Rf1 Nh3+ 30. Bxh3 gxh3 31. Rfb1 Rf7 32. Be1 Ng5 33. Bxa5 Qf6 34. Qc4
Qe5 35. Qf4 Nxe6 36. dxe6 Qxe6 37. Be1 Qa2 38. Qf3 Rxa4 39. Rc1 Rc4 40. Rxc4
Qxc4 41. Rxb7 Rxb7 42. Qxb7 d5 43. Qb8+ Kh7 44. Qf4 Qe4 45. Qf2 d4 46. Bd2 Kg6
47. Kf1 d3 48. Kg1 h5 49. Qf1 Bh6 50. Kf2 Qd5 51. Ke1 Qb3 52. Qf3 Qb1+ 53. Kf2
Qc2 54. Ke1 Qb1+ 55. Kf2 Qc2 56. Ke1 Bg5 57. Qd5 Qb1+ 58. Kf2 h4 59. Qg8+ Kh6
60. Qh8+ Kg6 61. Qg8+ Kh5 62. Qf7+ Kg4 63. Qc4+ Kh5 64. Qf7+ Kg4 65. Qc4+ Kh5
66. Qf7+ Kg4 1/2-1/2

[Event "47th POL-ch"]
[Site "Warsaw POL"]
[Date "1990.03.??"]
[Round "12"]
[White "Strzelecki, Krzysztof"]
[Black "Cichocki, Adam"]
[Result "0-1"]
[WhiteElo "2415"]
[BlackElo "2335"]
[PlyCount "86"]
[EventDate "1990.03.11"]

1. e4 e6 2. d4 d5 3. exd5 exd5 4. c4 Nf6 5. Nc3 Be7 6. cxd5 O-O 7. Bc4 Nbd7 8.
Nf3 Nb6 9. Bb3 Nbxd5 10. O-O Bg4 11. h3 Bh5 12. Re1 Bb4 13. Qd3 Bg6 14. Qc4 c6
15. Ne5 Bf5 16. Bg5 Qd6 17. Rad1 Nd7 18. Bd2 Bxc3 19. bxc3 Nxe5 20. Rxe5 Qg6
21. Qe2 f6 22. Re3 Bc2 23. Rg3 Bxd1 24. Qxd1 Qe4 25. Bc2 Qe6 26. Bh6 Rf7 27.
Qb1 g5 28. Bf5 Qd6 29. h4 Kh8 30. hxg5 fxg5 31. Bxg5 Raf8 32. Rf3 Nxc3 33. Qd3
Nd5 34. Bh4 Qh6 35. Bg3 Qc1+ 36. Kh2 Qh6+ 37. Bh3 Rxf3 38. gxf3 Nf6 39. Be5 Kg8
40. Qf5 Kg7 41. Qe6 Rf7 42. Kg2 Qg6+ 43. Bg4 h5 0-1

[Event "47th POL-ch"]
[Site "Warsaw POL"]
[Date "1990.03.??"]
[Round "12"]
[White "Sznapik, Aleksander"]
[Black "Bany, Jerzy"]
[Result "1/2-1/2"]
[WhiteElo "2485"]
[BlackElo "2450"]
[PlyCount "98"]
[EventDate "1990.03.11"]

1. e4 e6 2. d4 d5 3. Nc3 Nc6 4. Nf3 Nf6 5. e5 Ne4 6. Bd3 Bb4 7. Bd2 Nxd2 8.
Qxd2 f6 9. a3 Bxc3 10. Qxc3 fxe5 11. dxe5 Bd7 12. O-O O-O 13. Rae1 Be8 14. Nd4
Nxd4 15. Qxd4 Qe7 16. Qg4 c5 17. c3 a6 18. a4 b5 19. a5 d4 20. cxd4 cxd4 21.
Qxd4 Rd8 22. Qc3 Rf4 23. Be4 b4 24. Qc1 Rf8 25. Rd1 Bb5 26. Rfe1 Rxd1 27. Rxd1
Rd8 28. Rxd8+ Qxd8 29. h3 g6 30. Qc5 Qd2 31. Bf3 Qxb2 32. Bg4 Bd7 33. Qc7 Qa1+
34. Kh2 Qd4 35. Qd8+ Kf7 36. Qf6+ Kg8 37. Qd8+ Kf7 38. Qf6+ Kg8 39. Bxe6+ Bxe6
40. Qxe6+ Kg7 41. Qe7+ Kg8 42. Kg3 b3 43. e6 Qe5+ 44. f4 Qe3+ 45. Kg4 h5+ 46.
Kg5 Qg3+ 47. Kh6 Qxf4+ 48. Kxg6 Qe4+ 49. Kh6 Qf4+ 1/2-1/2

[Event "47th POL-ch"]
[Site "Warsaw POL"]
[Date "1990.03.??"]
[Round "12"]
[White "Woda, Jacek"]
[Black "Przewoznik, Jan"]
[Result "0-1"]
[WhiteElo "2390"]
[BlackElo "2415"]
[PlyCount "82"]
[EventDate "1990.03.11"]

1. e4 e5 2. Nf3 Nf6 3. Nc3 Nc6 4. Bb5 Bb4 5. O-O O-O 6. d3 Bxc3 7. bxc3 d6 8.
h3 Ne7 9. Re1 Ng6 10. d4 Qe7 11. a4 a5 12. dxe5 dxe5 13. Qe2 Nh5 14. Qe3 Nhf4
15. Ba3 Qe6 16. Bxf8 Nxg2 17. Ng5 Nxe3 18. Nxe6 Bxe6 19. Rxe3 Kxf8 20. Rd1 Nf4
21. Kh2 g5 22. Bf1 h5 23. c4 Ke7 24. Rb1 Rd8 25. Bd3 b6 26. Rb5 Bd7 27. Rb2 Ne6
28. Be2 h4 29. Rd3 Nc5 30. Rd5 f6 31. Rxc5 bxc5 32. Rb7 Bxa4 33. Rxc7+ Rd7 34.
Rxc5 Ra7 35. Bd3 Bd7 36. c3 a4 37. Bb1 Rb7 38. Bd3 Rb2 39. Kg2 Rb3 40. Be2 Rxc3
41. Bf3 Bxh3+ 0-1

[Event "47th POL-ch"]
[Site "Warsaw POL"]
[Date "1990.03.??"]
[Round "13"]
[White "Pedzich, Dominik"]
[Black "Sznapik, Aleksander"]
[Result "0-1"]
[WhiteElo "2405"]
[BlackElo "2485"]
[PlyCount "82"]
[EventDate "1990.03.11"]

1. e4 d6 2. d4 Nf6 3. Nc3 g6 4. Nf3 Bg7 5. Bc4 Nc6 6. d5 Nb8 7. O-O O-O 8. Bg5
c6 9. Qd2 b5 10. Bd3 b4 11. Nd1 cxd5 12. exd5 Bb7 13. Ne3 a5 14. Rfe1 Nbd7 15.
a3 bxa3 16. Rxa3 Nc5 17. c3 Nfe4 18. Bxe4 Nxe4 19. Qc2 f5 20. Bf4 h6 21. h4 Qc7
22. Rd1 Rfb8 23. h5 e5 24. dxe6 g5 25. Bh2 f4 26. Nd5 Bxd5 27. Rxd5 Qc4 28. Rd1
Qxe6 29. Ra4 d5 30. Kh1 g4 31. Ne1 g3 32. fxg3 fxg3 33. Bg1 Qg4 34. Be3 Rxb2
35. Qxb2 Qxd1 36. Ra1 Qxh5+ 37. Kg1 Bxc3 38. Qb6 Qh2+ 39. Kf1 Rf8+ 40. Ke2 Qh5+
41. Nf3 Bxa1 0-1

[Event "47th POL-ch"]
[Site "Warsaw POL"]
[Date "1990.03.??"]
[Round "13"]
[White "Bany, Jerzy"]
[Black "Stempin, Pawel"]
[Result "1/2-1/2"]
[WhiteElo "2450"]
[BlackElo "2445"]
[PlyCount "73"]
[EventDate "1990.03.11"]

1. Nf3 Nf6 2. c4 e6 3. g3 d5 4. Bg2 dxc4 5. Qa4+ Nbd7 6. Qxc4 c5 7. d3 Bd6 8.
Nc3 a6 9. Qb3 Rb8 10. a4 b6 11. Ng5 Qe7 12. Nge4 Bc7 13. Nxf6+ Nxf6 14. Bg5 O-O
15. Ne4 Be5 16. O-O Bb7 17. Nxf6+ Bxf6 18. Bxf6 Qxf6 19. Bxb7 Rxb7 20. Rfc1 Qe5
21. Rc2 a5 22. Rac1 Qb8 23. Rc4 Rd8 24. Qb5 Rbd7 25. R1c3 Rd6 26. Re4 h6 27.
Rcc4 Qa8 28. Qb3 Qc6 29. Qc3 Qd7 30. h4 Rd5 31. Re5 Qd6 32. Rxd5 Qxd5 33. Qb3
Qc6 34. Qc3 Qd6 35. Qb3 Qc6 36. Qc3 Qd6 37. Qb3 1/2-1/2

[Event "47th POL-ch"]
[Site "Warsaw POL"]
[Date "1990.03.??"]
[Round "13"]
[White "Cichocki, Adam"]
[Black "Pyda, Zbigniew"]
[Result "0-1"]
[WhiteElo "2335"]
[BlackElo "2315"]
[PlyCount "73"]
[EventDate "1990.03.11"]

1. d4 f5 2. Nc3 Nf6 3. Bg5 e6 4. e4 fxe4 5. Nxe4 Be7 6. Ng3 c5 7. Bxf6 Qa5+ 8.
c3 gxf6 9. d5 d6 10. Qg4 f5 11. Qh5+ Kd8 12. Bd3 exd5 13. Bxf5 Nc6 14. Nf3 d4
15. O-O dxc3 16. bxc3 Qxc3 17. Ng5 Kc7 18. N3e4 Qe5 19. Bxc8 Raxc8 20. f4 Qf5
21. Qd1 Nd4 22. g4 Qd5 23. f5 Rhg8 24. Ne6+ Kb8 25. Ng3 Bf6 26. Rb1 Qxa2 27.
Rf2 Qa6 28. Rfb2 b6 29. Nf4 Qb7 30. Rf2 Be5 31. Nfh5 Nc6 32. Kf1 Bd4 33. Rf4
Rce8 34. h3 Qa6+ 35. Kg2 Qa2+ 36. Kh1 Re3 37. Rf1 0-1

[Event "47th POL-ch"]
[Site "Warsaw POL"]
[Date "1990.03.??"]
[Round "13"]
[White "Dejkalo, Stefan"]
[Black "Woda, Jacek"]
[Result "1-0"]
[WhiteElo "2410"]
[BlackElo "2390"]
[PlyCount "31"]
[EventDate "1990.03.11"]

1. Nf3 d6 2. d4 Bg4 3. e4 Nf6 4. Nc3 g6 5. h3 Bxf3 6. Qxf3 Bg7 7. e5 dxe5 8.
dxe5 Nfd7 9. Qxb7 Nb6 10. Bb5+ N8d7 11. f4 O-O 12. Be3 e6 13. O-O-O Rb8 14.
Qxa7 Nd5 15. Nxd5 Rxb5 16. Nxc7 1-0

[Event "47th POL-ch"]
[Site "Warsaw POL"]
[Date "1990.03.??"]
[Round "13"]
[White "Gdanski, Jacek"]
[Black "Jasnikowski, Zbigniew"]
[Result "1/2-1/2"]
[WhiteElo "2430"]
[BlackElo "2445"]
[PlyCount "41"]
[EventDate "1990.03.11"]

1. e4 c5 2. Nf3 e6 3. d4 cxd4 4. Nxd4 Nf6 5. Nc3 d6 6. Be3 a6 7. f4 Qc7 8. Qf3
Nc6 9. Bd3 Be7 10. O-O O-O 11. Qg3 Nd7 12. f5 Nxd4 13. Bxd4 Bf6 14. e5 Bxe5 15.
Bxe5 Qc5+ 16. Kh1 Qxe5 17. fxe6 Qxe6 18. Ne4 Qe5 19. Nxd6 Qxg3 20. hxg3 Nc5 21.
Bc4 1/2-1/2

[Event "47th POL-ch"]
[Site "Warsaw POL"]
[Date "1990.03.??"]
[Round "13"]
[White "Przewoznik, Jan"]
[Black "Strzelecki, Krzysztof"]
[Result "1/2-1/2"]
[WhiteElo "2415"]
[BlackElo "2415"]
[PlyCount "81"]
[EventDate "1990.03.11"]

1. Nf3 f5 2. g3 Nf6 3. Bg2 d6 4. d4 e6 5. O-O Be7 6. c4 O-O 7. Nbd2 Qe8 8. Qc2
Qh5 9. b4 Nc6 10. b5 Nd8 11. Bb2 Nf7 12. a4 Ng4 13. h3 Nf6 14. e4 e5 15. dxe5
dxe5 16. Nxe5 Nxe5 17. Bxe5 fxe4 18. Bxf6 Bxf6 19. g4 Qh4 20. Rae1 Bxg4 21.
Qxe4 Rad8 22. hxg4 Rxd2 23. Rd1 Rxd1 24. Rxd1 Bg5 25. Qe2 b6 26. Rd7 Bf4 27.
Qe6+ Kh8 28. Rf7 Qd8 29. Bd5 Bd6 30. Rxf8+ Qxf8 31. Kg2 g6 32. f3 Kg7 33. g5
Bf4 34. Qd7+ Kh8 35. Qe6 Bxg5 36. Qe5+ Qf6 37. Qxc7 Qe7 38. Qc8+ Kg7 39. Kf1
Bh4 40. Be4 Bf6 41. Qb7 1/2-1/2

[Event "47th POL-ch"]
[Site "Warsaw POL"]
[Date "1990.03.??"]
[Round "13"]
[White "Schmidt, Wlodzimierz"]
[Black "Nowak, Ignacy"]
[Result "1/2-1/2"]
[WhiteElo "2465"]
[BlackElo "2405"]
[PlyCount "29"]
[EventDate "1990.03.11"]

1. Nf3 Nf6 2. c4 g6 3. Nc3 Bg7 4. d4 O-O 5. e4 d6 6. Be2 e5 7. O-O Nc6 8. d5
Ne7 9. Ne1 Nd7 10. Nd3 f5 11. Bd2 Nf6 12. f3 c6 13. b4 Kh8 14. a4 f4 15. a5
1/2-1/2

[Event "47th POL-ch"]
[Site "Warsaw POL"]
[Date "1990.03.??"]
[Round "13"]
[White "Zolnierowicz, Krzysztof"]
[Black "Kuczynski, Robert"]
[Result "0-1"]
[WhiteElo "2400"]
[BlackElo "2460"]
[PlyCount "80"]
[EventDate "1990.03.11"]

1. e4 c5 2. Nf3 d6 3. c3 Nf6 4. Be2 Bg4 5. O-O e6 6. h3 Bh5 7. Re1 Be7 8. d3
Nc6 9. Nbd2 h6 10. Nf1 O-O 11. Ng3 Bg6 12. Bf1 Qc7 13. a3 a5 14. d4 cxd4 15.
cxd4 d5 16. e5 Nh5 17. Bd3 Nxg3 18. Bxg6 fxg6 19. fxg3 Bd8 20. Be3 Qd7 21. Qd3
Ne7 22. g4 g5 23. Rf1 Bb6 24. Nd2 a4 25. Rxf8+ Rxf8 26. Nf1 Rc8 27. Ng3 Rc4 28.
Rf1 Qe8 29. Nh5 Qg6 30. Qe2 Qe4 31. Rf3 Bxd4 32. Ng3 Bxe3+ 33. Rxe3 Qb1+ 34.
Kh2 Ng6 35. Nh5 Nf4 36. Nxf4 gxf4 37. Rf3 Qe4 38. Qxe4 Rxe4 39. b3 b5 40. bxa4
bxa4 0-1

[Event "47th POL-ch"]
[Site "Warsaw POL"]
[Date "1990.03.??"]
[Round "14"]
[White "Stempin, Pawel"]
[Black "Pedzich, Dominik"]
[Result "0-1"]
[WhiteElo "2445"]
[BlackElo "2405"]
[PlyCount "102"]
[EventDate "1990.03.11"]

1. e4 e5 2. Bc4 Nf6 3. d3 Nc6 4. Nc3 Bb4 5. Nge2 d5 6. exd5 Nxd5 7. O-O Be6 8.
Nxd5 Bxd5 9. Bxd5 Qxd5 10. Ng3 O-O 11. Kh1 Rad8 12. f4 Rfe8 13. Qg4 Kh8 14. f5
f6 15. Ne4 Nd4 16. Qd1 Bf8 17. Be3 Nb5 18. Qh5 Nd6 19. Nc3 Qg8 20. b3 a6 21. a4
e4 22. d4 Nf7 23. Ne2 Bd6 24. c4 c6 25. Rad1 Bb8 26. Bf4 Ba7 27. a5 g6 28. Qh3
g5 29. Bc1 Nd6 30. Be3 Qf7 31. Nc3 Rc8 32. g4 Kg7 33. Qg3 Bb8 34. Qf2 h5 35.
Rg1 Rh8 36. Rg2 Rh7 37. d5 c5 38. Bxc5 hxg4 39. Bd4 Rch8 40. Kg1 Rh3 41. Qe2
Nxf5 42. Nxe4 Bxh2+ 43. Kf1 Be5 44. Bg1 Rf3+ 45. Ke1 Ng3 46. Rxg3 Bxg3+ 47. Kd2
Qe7 48. d6 Bxd6 49. Kc2 Bb4 50. Bb6 Rhh3 51. Bd4 Rf4 0-1

[Event "47th POL-ch"]
[Site "Warsaw POL"]
[Date "1990.03.??"]
[Round "14"]
[White "Jasnikowski, Zbigniew"]
[Black "Zolnierowicz, Krzysztof"]
[Result "1/2-1/2"]
[WhiteElo "2445"]
[BlackElo "2400"]
[PlyCount "111"]
[EventDate "1990.03.11"]

1. d4 Nf6 2. c4 e6 3. Nf3 Bb4+ 4. Bd2 c5 5. Bxb4 cxb4 6. g3 O-O 7. Bg2 d6 8.
O-O Nc6 9. d5 exd5 10. cxd5 Ne7 11. Ne1 Re8 12. Nc2 Qb6 13. e4 Ng6 14. Re1 b3
15. axb3 Qxb3 16. Nd2 Qb5 17. b3 Ne5 18. h3 Bd7 19. Ne3 Qb4 20. Ndc4 Nxc4 21.
Nxc4 a5 22. Qd2 Qxd2 23. Nxd2 a4 24. Nc4 Ra6 25. bxa4 Bxa4 26. Nxd6 Rxd6 27.
Rxa4 Rxd5 28. Rb1 Rd7 29. f4 Nh5 30. Ra3 f6 31. h4 g6 32. Rab3 Ree7 33. R1b2 h6
34. Kf2 g5 35. Rb5 Rd3 36. Bf3 Ng7 37. Rxb7 Rxb7 38. Rxb7 Ne6 39. Be2 Rc3 40.
Rb4 Rc2 41. f5 Nc5 42. Rb8+ Kf7 43. Ke3 Ke7 44. Rh8 Kd6 45. Rd8+ Ke7 46. Rc8
Kd7 47. Rb8 Kd6 48. Rd8+ Ke7 49. Rc8 Kd7 50. Ra8 Kd6 51. hxg5 hxg5 52. Bb5 Rb2
53. Bc4 Rc2 54. Bb5 Rb2 55. Bc4 Rc2 56. Bb5 1/2-1/2

[Event "47th POL-ch"]
[Site "Warsaw POL"]
[Date "1990.03.??"]
[Round "14"]
[White "Kuczynski, Robert"]
[Black "Bany, Jerzy"]
[Result "1-0"]
[WhiteElo "2460"]
[BlackElo "2450"]
[PlyCount "87"]
[EventDate "1990.03.11"]

1. e4 e6 2. d4 d5 3. Nc3 Nc6 4. Nf3 Nf6 5. e5 Ne4 6. Bd3 Bb4 7. Bd2 Nxd2 8.
Qxd2 f6 9. a3 Bxc3 10. Qxc3 fxe5 11. dxe5 Bd7 12. b4 a6 13. h4 Qe7 14. Kf1
O-O-O 15. Rb1 Na7 16. Nd4 Rdf8 17. g3 Nb5 18. Bxb5 Bxb5+ 19. Kg1 Bc4 20. a4 Qf7
21. Rh2 Qh5 22. f4 Qg4 23. Qe3 h6 24. h5 g5 25. hxg6 Qxg6 26. Rh4 Rfg8 27. Kf2
Rg7 28. Rbh1 h5 29. Qf3 Rhg8 30. R1h3 Qe8 31. a5 Qe7 32. c3 Rxg3 33. Qxg3 Rxg3
34. Kxg3 Qg7+ 35. Kh2 Qf7 36. Rg3 Kb8 37. Rg5 Bd3 38. Rgxh5 Be4 39. Rg5 Ka7 40.
Kg3 Qe8 41. Rg7 Qf8 42. Nxe6 Qe8 43. Nd4 Qf8 44. Rhg4 1-0

[Event "47th POL-ch"]
[Site "Warsaw POL"]
[Date "1990.03.??"]
[Round "14"]
[White "Nowak, Ignacy"]
[Black "Gdanski, Jacek"]
[Result "1/2-1/2"]
[WhiteElo "2405"]
[BlackElo "2430"]
[PlyCount "43"]
[EventDate "1990.03.11"]

1. Nf3 Nf6 2. c4 c5 3. Nc3 Nc6 4. d4 cxd4 5. Nxd4 e6 6. g3 Qb6 7. Ndb5 Bc5 8.
Nd6+ Ke7 9. Nde4 Nxe4 10. Nxe4 Bb4+ 11. Bd2 d5 12. cxd5 exd5 13. Nc3 Be6 14.
Bg2 Rhd8 15. O-O Kf8 16. Na4 Qa5 17. Bxb4+ Qxb4 18. Rc1 Rac8 19. a3 Qe7 20. Re1
b6 21. e3 Qd7 22. Nc3 1/2-1/2

[Event "47th POL-ch"]
[Site "Warsaw POL"]
[Date "1990.03.??"]
[Round "14"]
[White "Przewoznik, Jan"]
[Black "Dejkalo, Stefan"]
[Result "0-1"]
[WhiteElo "2415"]
[BlackElo "2410"]
[PlyCount "94"]
[EventDate "1990.03.11"]

1. Nf3 d5 2. c4 c6 3. b3 Bg4 4. Bb2 Nf6 5. g3 Nbd7 6. Bg2 e6 7. O-O Bd6 8. d4
O-O 9. Nbd2 Qe7 10. Ne5 Bh5 11. Re1 Rfd8 12. Qc2 Ba3 13. Nxd7 Rxd7 14. Bxa3
Qxa3 15. c5 Qa5 16. a3 Qc7 17. Qb2 Re7 18. b4 e5 19. dxe5 Rxe5 20. Nf3 Bxf3 21.
Bxf3 Ne4 22. e3 h5 23. h4 Rae8 24. Kg2 g5 25. Bxe4 dxe4 26. hxg5 Rxg5 27. Qf6
Rg6 28. Qh4 Re5 29. Rad1 Kg7 30. Rh1 b6 31. cxb6 axb6 32. Qf4 Qe7 33. Qh4 Qe6
34. Qd8 Qf5 35. Rh4 Qf3+ 36. Kf1 Rf6 37. Rd2 Ref5 38. Kg1 Rd5 39. Qxf6+ Kxf6
40. Rxd5 cxd5 41. Rf4+ Qxf4 42. exf4 b5 43. Kf1 Ke6 44. Ke2 d4 45. f3 Kd5 46.
fxe4+ Kxe4 47. Kd2 f5 0-1

[Event "47th POL-ch"]
[Site "Warsaw POL"]
[Date "1990.03.??"]
[Round "14"]
[White "Strzelecki, Krzysztof"]
[Black "Pyda, Zbigniew"]
[Result "1-0"]
[WhiteElo "2415"]
[BlackElo "2315"]
[PlyCount "63"]
[EventDate "1990.03.11"]

1. b3 e5 2. Bb2 d6 3. g3 Nf6 4. Bg2 g6 5. c4 Bg7 6. Nf3 O-O 7. O-O c5 8. Nc3
Nc6 9. e3 Bf5 10. d3 Qd7 11. Re1 Rae8 12. Ng5 h6 13. Nge4 g5 14. a3 Bh3 15.
Nxf6+ Bxf6 16. Ne4 Be7 17. Qh5 Bxg2 18. Kxg2 Qe6 19. d4 Qg6 20. Qxg6+ fxg6 21.
dxc5 dxc5 22. Red1 Rd8 23. Rd5 b6 24. Bc3 Kf7 25. g4 Bf6 26. Rad1 Be7 27. R1d2
Ke6 28. b4 cxb4 29. axb4 Bxb4 30. Bxb4 Nxb4 31. Rxd8 Rxd8 32. Rxd8 1-0

[Event "47th POL-ch"]
[Site "Warsaw POL"]
[Date "1990.03.??"]
[Round "14"]
[White "Sznapik, Aleksander"]
[Black "Cichocki, Adam"]
[Result "1-0"]
[WhiteElo "2485"]
[BlackElo "2335"]
[PlyCount "117"]
[EventDate "1990.03.11"]

1. e4 e6 2. d4 d5 3. Nd2 Nf6 4. e5 Nfd7 5. c3 c5 6. Bd3 Nc6 7. Ne2 cxd4 8. cxd4
f6 9. exf6 Nxf6 10. O-O Bd6 11. Nf3 O-O 12. Bf4 Bxf4 13. Nxf4 Ne4 14. Ne2 Ng5
15. Nxg5 Qxg5 16. f4 Qf6 17. Qd2 Bd7 18. Rad1 Be8 19. Qe3 Bg6 20. Bb5 Ne7 21.
g4 Be4 22. Ng3 Qg6 23. h3 Rad8 24. Rde1 Nc8 25. Nxe4 dxe4 26. Qxe4 Qxe4 27.
Rxe4 Nd6 28. Re5 Nxb5 29. Rxb5 Rxd4 30. Rxb7 Rd2 31. Rf2 Rxf2 32. Kxf2 Rxf4+
33. Ke3 Ra4 34. a3 h5 35. gxh5 Rh4 36. Rxa7 Rxh3+ 37. Kd2 Rxh5 38. b4 Rd5+ 39.
Ke3 g5 40. a4 Rd1 41. a5 Re1+ 42. Kd2 Rb1 43. Rb7 Ra1 44. Re7 g4 45. Rxe6 Kf7
46. Re1 Ra3 47. Kc2 g3 48. Kb2 Rd3 49. a6 Rd6 50. Ra1 g2 51. a7 Ra6 52. Rxa6
g1=Q 53. a8=Q Qd4+ 54. Kb3 Qd1+ 55. Kc4 Qe2+ 56. Kc5 Qe3+ 57. Kb5 Qe5+ 58. Kb6
Qe3+ 59. Kc7 1-0

[Event "47th POL-ch"]
[Site "Warsaw POL"]
[Date "1990.03.??"]
[Round "14"]
[White "Woda, Jacek"]
[Black "Schmidt, Wlodzimierz"]
[Result "1/2-1/2"]
[WhiteElo "2390"]
[BlackElo "2465"]
[PlyCount "121"]
[EventDate "1990.03.11"]

1. e4 e6 2. d4 d5 3. Nc3 Nf6 4. Bg5 dxe4 5. Nxe4 Be7 6. Nxf6+ Bxf6 7. Bxf6 Qxf6
8. c3 O-O 9. Qh5 Nd7 10. Nf3 g6 11. Qh6 e5 12. O-O-O exd4 13. Rxd4 Qg7 14. Qd2
Nc5 15. Bc4 Be6 16. Rd1 Rae8 17. Bxe6 Rxe6 18. Qf4 Re7 19. Rd8 Ne4 20. R1d7
Rxd7 21. Rxd7 Nc5 22. Rd2 Ne6 23. Qe3 b6 24. Ne5 Re8 25. Nc6 Qf6 26. Rd7 Ng7
27. Qf3 Qe6 28. Rd8 Rxd8 29. Nxd8 Qxa2 30. Qf4 Nf5 31. Qxc7 Qa1+ 32. Kc2 Qa4+
33. Kd2 Qe8 34. Nc6 Nh4 35. Ne7+ Kf8 36. Nd5 Qe6 37. Qd8+ Kg7 38. Nc7 Qe4 39.
Ne8+ Kh6 40. Nf6 Qf4+ 41. Kd1 Nxg2 42. Qf8+ Kg5 43. Qxf7 Qxf6 44. Qd5+ Qf5 45.
Qxg2+ Qg4+ 46. Qxg4+ Kxg4 47. c4 a5 48. Kc2 Kh3 49. Kb3 Kxh2 50. Ka4 Kg2 51.
Kb5 h5 52. Kxb6 h4 53. c5 h3 54. c6 h2 55. c7 h1=Q 56. c8=Q Kxf2 57. Qc2+ Ke3
58. Qxg6 Kd2 59. Qg7 Kc2 60. Qf6 Qa8 61. Qc3+ 1/2-1/2

[Event "47th POL-ch"]
[Site "Warsaw POL"]
[Date "1990.03.??"]
[Round "15"]
[White "Kuczynski, Robert"]
[Black "Pedzich, Dominik"]
[Result "1/2-1/2"]
[WhiteElo "2460"]
[BlackElo "2405"]
[PlyCount "119"]
[EventDate "1990.03.11"]

1. e4 Nc6 2. Nf3 d6 3. d4 Nf6 4. Nc3 Bg4 5. Be2 e6 6. O-O Be7 7. Be3 O-O 8. h3
Bh5 9. Nd2 Bxe2 10. Qxe2 d5 11. e5 Nd7 12. Nb3 Nb6 13. Rad1 a5 14. Nb5 a4 15.
Nc1 Qd7 16. b3 Nb4 17. c4 axb3 18. axb3 dxc4 19. bxc4 Qc6 20. d5 exd5 21. Bxb6
cxb6 22. cxd5 Nxd5 23. Nd4 Qg6 24. Qf3 Nb4 25. Nf5 Bc5 26. Nb3 Qe6 27. Rfe1
Rad8 28. Nbd4 Bxd4 29. Nxd4 Rxd4 30. Rxd4 Nc2 31. Rdd1 Nxe1 32. Rxe1 Qc6 33.
Qb3 Re8 34. f4 g6 35. Kh2 Qe6 36. Qf3 Qc6 37. Qb3 Kg7 38. Qb4 Qc5 39. Qe4 Qc6
40. Qe3 Re6 41. Re2 Qd7 42. Rd2 Qc7 43. Rd5 Rc6 44. Qg3 Qc8 45. Qd3 Rc3 46. Rd8
Qc5 47. Qd6 Qxd6 48. Rxd6 Rc7 49. Rxb6 Kf8 50. Kg3 Ke7 51. Kg4 h6 52. h4 h5+
53. Kg5 Kf8 54. g4 hxg4 55. Kxg4 Rc1 56. Rxb7 Rg1+ 57. Kf3 Rh1 58. Kg4 Rg1+ 59.
Kf3 Rh1 60. Kg4 1/2-1/2

[Event "47th POL-ch"]
[Site "Warsaw POL"]
[Date "1990.03.??"]
[Round "15"]
[White "Cichocki, Adam"]
[Black "Stempin, Pawel"]
[Result "0-1"]
[WhiteElo "2335"]
[BlackElo "2445"]
[PlyCount "126"]
[EventDate "1990.03.11"]

1. d4 Nf6 2. Nf3 e6 3. c4 d5 4. g3 Bb4+ 5. Nc3 dxc4 6. Bg2 Nc6 7. O-O O-O 8. e3
Rb8 9. Nd2 e5 10. d5 Bxc3 11. dxc6 Bxd2 12. Bxd2 bxc6 13. Bc3 Qe7 14. Qa4 Rb6
15. Rfd1 Nd5 16. Bxd5 cxd5 17. Rxd5 f6 18. Qxc4 Be6 19. Qc5 Rd6 20. Rd2 Qf7 21.
Rxd6 cxd6 22. Qxd6 Bd5 23. Bb4 Re8 24. Rc1 Bf3 25. Qa6 Qd7 26. Qc4+ Kh8 27. a3
h5 28. Qf1 Qf5 29. h3 Rd8 30. Kh2 Kh7 31. Qg1 Kg6 32. Qf1 Rd7 33. Qg1 Rd8 34.
Qf1 Be4 35. Qe2 Bd3 36. g4 Bxe2 37. gxf5+ Kxf5 38. Kg3 g5 39. h4 gxh4+ 40. Kxh4
Rg8 41. Rc6 Rg4+ 42. Kh3 Bb5 43. Rc1 Ke4 44. Be7 Kf3 45. Bxf6 Kxf2 46. Bxe5
Bf1+ 47. Rxf1+ Kxf1 48. Bd4 a6 49. b4 Rg1 50. a4 Rh1+ 51. Kg3 h4+ 52. Kf3 Rh3+
53. Kg4 Kg2 54. a5 Rh1 55. b5 axb5 56. a6 Rc1 57. a7 Rc8 58. Kxh4 Kf3 59. Kg5
Ke4 60. Kf6 b4 61. Ke6 b3 62. Kd6 Kd3 63. Kd5 Ra8 0-1

[Event "47th POL-ch"]
[Site "Warsaw POL"]
[Date "1990.03.??"]
[Round "15"]
[White "Pyda, Zbigniew"]
[Black "Sznapik, Aleksander"]
[Result "1/2-1/2"]
[WhiteElo "2315"]
[BlackElo "2485"]
[PlyCount "105"]
[EventDate "1990.03.11"]

1. e4 g6 2. d4 Bg7 3. c4 d6 4. Nc3 Nf6 5. h3 c5 6. d5 O-O 7. Nf3 b5 8. cxb5 a6
9. a4 axb5 10. Bxb5 Ba6 11. Bd2 Ne8 12. O-O Nc7 13. Qe2 Nd7 14. Rfd1 Nxb5 15.
axb5 Bb7 16. Na4 Nb6 17. Nxb6 Qxb6 18. Bc3 Rfb8 19. Qc4 Bc8 20. Bxg7 Kxg7 21.
Rxa8 Rxa8 22. b4 Bd7 23. bxc5 dxc5 24. Rc1 Qxb5 25. Qxb5 Bxb5 26. Rxc5 Bd3 27.
e5 Ra1+ 28. Kh2 Rd1 29. Rc7 Be4 30. d6 exd6 31. Ng5 Bd5 32. exd6 h6 33. d7 Ba2
34. Ne4 Be6 35. Nc5 Kf6 36. Rc6 Ke7 37. Nxe6 fxe6 38. Rc8 Rxd7 39. Rh8 h5 40.
Rh7+ Kd6 41. Rxd7+ Kxd7 42. Kg3 Ke7 43. Kf4 Kf6 44. Ke4 e5 45. g3 Ke6 46. f3
Kd6 47. f4 exf4 48. Kxf4 Ke6 49. Kg5 Kf7 50. Kh6 Kf6 51. g4 hxg4 52. hxg4 g5
53. Kh5 1/2-1/2

[Event "47th POL-ch"]
[Site "Warsaw POL"]
[Date "1990.03.??"]
[Round "15"]
[White "Schmidt, Wlodzimierz"]
[Black "Przewoznik, Jan"]
[Result "1/2-1/2"]
[WhiteElo "2465"]
[BlackElo "2415"]
[PlyCount "31"]
[EventDate "1990.03.11"]

1. Nf3 Nf6 2. c4 e6 3. Nc3 d5 4. d4 Be7 5. g3 O-O 6. Bg2 dxc4 7. Ne5 c5 8. dxc5
Qxd1+ 9. Nxd1 Bxc5 10. Nxc4 Nc6 11. Be3 Bb4+ 12. Bd2 Bxd2+ 13. Nxd2 Bd7 14. Nc4
Nb4 15. Nde3 Bc6 16. Bxc6 1/2-1/2

[Event "47th POL-ch"]
[Site "Warsaw POL"]
[Date "1990.03.??"]
[Round "15"]
[White "Zolnierowicz, Krzysztof"]
[Black "Nowak, Ignacy"]
[Result "1-0"]
[WhiteElo "2400"]
[BlackElo "2405"]
[PlyCount "59"]
[EventDate "1990.03.11"]

1. e4 c5 2. Nf3 e6 3. d3 d5 4. Nbd2 Nc6 5. g3 Nge7 6. Bg2 g6 7. h4 h6 8. O-O
Bg7 9. Re1 a5 10. a4 b6 11. c3 Ra7 12. exd5 exd5 13. Nb3 Bg4 14. Bf4 O-O 15.
Qd2 d4 16. cxd4 Qd5 17. Ne5 Qxb3 18. Nxc6 Nxc6 19. Bxc6 Bxd4 20. Bxh6 Rc8 21.
Bb5 Qxb2 22. Qf4 Be6 23. Rad1 Kh7 24. Bg5 Bd5 25. h5 f6 26. hxg6+ Kxg6 27. Bh4
Rd8 28. Rd2 Qb4 29. Rde2 Be5 30. Qxb4 1-0